000 00887nam a22002537a 4500
005 20101213111757.0
008 101213t xxu||||| |||| 00| 0 eng d
010 _aENG-101786
020 _c375.00
_a9788120341982
035 _aEN-85319
037 _bDBAD / PUB
040 _adpl
_bEng
082 _a526.9
100 _aRoy, S.K.
_924733
245 1 _aFundamentals of surveying /
_cby S.K.Roy
250 _a2nd ed
260 _aNew Delhi
_bPrentice-Hall of India
_c2010
270 _aM-97, Connaught Circus,
_bNew Delhi
_e110 001
300 _axvii, 606p. :
_c24cm (pbk)
_bill.
500 _aIncludes biblographical references and index
700 _924734
942 _adpl
_cEN
_2ddc
_h526.9
_mROY
999 _c49097
_d49097